000 01203cam a2200193 4500
001 WB3913-02
008 030401n2003 000 0 eng u
035 _a(Sirsi) u121848
245 _aAdvice note on maintenance published
260 _c2003
490 _aRICS Building Surveying Faculty: The Journal
_v(6) March/April 2003, 5(1)
520 _aThe Institute of Historic Building Conservation (IHBC) has published, in association with the Society for the Protection of Ancient Buildings (SPAB), an advice note on maintenance, "A stitch in time"* aimed at historic building owners. Until recently maintenance has been sidelined by owners in favour of restoration and regeneration but now there is more support from government for maintenance. Copies priced £3 (inc p&p) are available from IHBC, Jubilee House, High Street, Tisbury, Wiltshire SP13 6HA, http://www.ihbc.org.uk, from SPAB, 37 Spital Square, London E1 6DY, http://www.spab.org.uk or through RICS Books on +44 (0)20 7222 7000.
590 _aWB
650 _aBUILT ENVIRONMENT-BUILDING MAINTENANCE AND REFURBISHMENT
650 _aHISTORIC BUILDINGS
650 _aTRADITIONAL BUILDINGS
690 _aBUILT ENVIRONMENT
942 _n0
999 _c72406
_d72406